Things That Are Brown Quiz Stats

 Plays Quiz Updated Oct 1, 2013

Challenge
Share
Tweet
Score 0/20 Timer 04:00
0 Plays Today
% Correct
Camel
98.8%
Fudge
96.2%
Beaver
95.4%
Acorn
95.4%
Pretzel
95%
UPS Truck
94.7%
Scooby-Doo
92%
Pine Cone
91.7%
Walrus
91.3%
Coffee Beans
91.3%
% Correct
Armadillo
88.8%
Yogi Bear
88.1%
Chocolate Fountain
85.3%
Chocolate Chip
76.9%
Groundhog
69.9%
Maple Syrup
68.5%
Bullwinkle
66.9%
Lincoln Logs
59.6%
Fozzie Bear
48.8%
Cogsworth
32.4%

You're not logged in!

Compare scores with friends on all Sporcle quizzes.
Join for Free
OR
Log In

You Might Also Like...

Show Comments

Extras

Top Quizzes Today


Score Distribution

Your Account Isn't Verified!

In order to create a playlist on Sporcle, you need to verify the email address you used during registration. Go to your Sporcle Settings to finish the process.

Report this User

Report this user for behavior that violates our Community Guidelines.

Details: